<?xml version="1.0" encoding="UTF-8"?>
<record
    xmlns:xsi="http://www.w3.org/2001/XMLSchema-instance"
    xsi:schemaLocation="http://www.loc.gov/MARC21/slim http://www.loc.gov/standards/marcxml/schema/MARC21slim.xsd"
    xmlns="http://www.loc.gov/MARC21/slim">

  <leader>02272nam a22003257a 4500</leader>
  <datafield tag="999" ind1=" " ind2=" ">
    <subfield code="c">21874</subfield>
    <subfield code="d">21874</subfield>
  </datafield>
  <controlfield tag="003">AR-CdUCM</controlfield>
  <controlfield tag="008">190425b           ||||| |||| 00| 0 spa d</controlfield>
  <datafield tag="040" ind1=" " ind2=" ">
    <subfield code="a">MUNICIPALIDAD PROVINCIAL DEL CUSCO</subfield>
    <subfield code="c">BIBLIOTECA MUNICIPAL DEL CUSCO</subfield>
  </datafield>
  <datafield tag="082" ind1=" " ind2=" ">
    <subfield code="a">Rev.AHC/N&#xB0;2/1951</subfield>
  </datafield>
  <datafield tag="110" ind1=" " ind2=" ">
    <subfield code="a">Archivo Regional del Cusco</subfield>
    <subfield code="9">46600</subfield>
  </datafield>
  <datafield tag="245" ind1=" " ind2=" ">
    <subfield code="a">Revista del Archivo Hist&#xF3;rico del Cuzco /</subfield>
    <subfield code="c">Universidad Nacional del Cuzco</subfield>
  </datafield>
  <datafield tag="260" ind1=" " ind2=" ">
    <subfield code="a">Cusco :</subfield>
    <subfield code="b">H.G. Rozas,</subfield>
    <subfield code="c">1951.</subfield>
  </datafield>
  <datafield tag="300" ind1=" " ind2=" ">
    <subfield code="a">403 p&#xE1;ginas. :</subfield>
    <subfield code="b">ilustraciones ;</subfield>
    <subfield code="c">21 cm.</subfield>
  </datafield>
  <datafield tag="440" ind1=" " ind2=" ">
    <subfield code="a">Revista del Archivo Hist&#xF3;rico.</subfield>
    <subfield code="n">A&#xF1;o II, 1951, N&#xB0;2.</subfield>
    <subfield code="9">46601</subfield>
  </datafield>
  <datafield tag="505" ind1=" " ind2=" ">
    <subfield code="a">Contenido: Nuevo Rector de la Universidad Dr. Luis F. Paredes. -- Junta reorganizadora de la Universidad del Cuzco. -- Documentos sobre el Inca Garcilaso de la Vega. -- Documentos sobre la Batalla de Ayacucho. -- Documentos referentes a la Revoluci&#xF3;n de 1780. -- Intento de sublevaci&#xF3;n en el obraje de Pichuichuro. -- Primer Congreso Internacional de Peruanistas. -- El Ccoricancha y el Ajllahuasi. -- Documentos referentes al Brigadier Pumaccahua y la revoluci&#xF3;n de 1814. -- Nombres de pr&#xF3;ceres a las escuelas. -- Inventario de documentos pasados de la Biblioteca. -- Esclavos escrituras de los siglos XVI, XVII, XVIII y XIX. -- Documentos relativos al colegio de San Bernardo. -- Licencia para el funcionamiento de una escuela rentas eclesi&#xE1;sticas. -- Documentos relativos al Colegio de San Francisco de Borja. -- Capilla de Loreto. -- Bol&#xED;var. --  Informaciones coloniales sobre libertad y tratamiento de los indios. -- Arte Cuzque&#xF1;o. -- Archivos Notariales del Cuzco. -- Documentos sobre la Universidad del Cuzco. -- Genealog&#xED;a de los Incas. -- Escudo nobiliario de los Tupac Amaru. -- Inventarios del Archivo del Colegio de Ciencias.</subfield>
  </datafield>
  <datafield tag="650" ind1=" " ind2=" ">
    <subfield code="a">Historia del Cusco</subfield>
    <subfield code="9">1714</subfield>
  </datafield>
  <datafield tag="650" ind1=" " ind2=" ">
    <subfield code="a">Fuentes escritas</subfield>
    <subfield code="9">2045</subfield>
  </datafield>
  <datafield tag="650" ind1=" " ind2=" ">
    <subfield code="a">Archivos hist&#xF3;ricos</subfield>
    <subfield code="9">44088</subfield>
  </datafield>
  <datafield tag="650" ind1=" " ind2=" ">
    <subfield code="a">Inca Garcilaso de la Vega</subfield>
    <subfield code="9">300</subfield>
  </datafield>
  <datafield tag="650" ind1=" " ind2=" ">
    <subfield code="a">Batalla de Ayacucho</subfield>
    <subfield code="9">24711</subfield>
  </datafield>
  <datafield tag="650" ind1=" " ind2=" ">
    <subfield code="a">Mateo Pumacahua</subfield>
    <subfield code="9">45788</subfield>
  </datafield>
  <datafield tag="650" ind1=" " ind2=" ">
    <subfield code="a">Sim&#xF3;n Bol&#xED;var</subfield>
    <subfield code="9">1694</subfield>
  </datafield>
  <datafield tag="650" ind1=" " ind2=" ">
    <subfield code="a">Qorikancha</subfield>
    <subfield code="9">30993</subfield>
  </datafield>
  <datafield tag="650" ind1=" " ind2=" ">
    <subfield code="a">Monumentos hist&#xF3;ricos</subfield>
    <subfield code="9">6891</subfield>
  </datafield>
  <datafield tag="650" ind1=" " ind2=" ">
    <subfield code="a">Arte cusque&#xF1;o</subfield>
    <subfield code="9">13165</subfield>
  </datafield>
  <datafield tag="700" ind1=" " ind2=" ">
    <subfield code="a">Cornejo Bouroncle, Jorge</subfield>
    <subfield code="9">15278</subfield>
  </datafield>
  <datafield tag="700" ind1=" " ind2=" ">
    <subfield code="a">Paredes, Luis Felipe</subfield>
    <subfield code="9">16077</subfield>
  </datafield>
  <datafield tag="942" ind1=" " ind2=" ">
    <subfield code="2">ddc</subfield>
    <subfield code="c">PP</subfield>
  </datafield>
  <datafield tag="945" ind1=" " ind2=" ">
    <subfield code="a">rac</subfield>
  </datafield>
  <datafield tag="952" ind1=" " ind2=" ">
    <subfield code="0">0</subfield>
    <subfield code="2">ddc</subfield>
    <subfield code="4">0</subfield>
    <subfield code="7">0</subfield>
    <subfield code="a">HEM</subfield>
    <subfield code="b">HEM</subfield>
    <subfield code="c">CART</subfield>
    <subfield code="d">2021-09-02</subfield>
    <subfield code="g">10.00</subfield>
    <subfield code="o">Rev.AHC/N&#xB0;2/1951</subfield>
    <subfield code="p">REVC000382</subfield>
    <subfield code="r">2021-09-02</subfield>
    <subfield code="y">PP</subfield>
  </datafield>
</record>
